000 00515nam a2200193Ia 4500
005 20250326142248.0
008 250326s9999 xx 000 0 und d
020 _a0 434 91940 3
037 _aTextbook
040 _aFMSL
_beng
_cFMSL
041 _aeng
_2eng
084 _aX:51 M8
_qFMSL
100 _aThomas M J
_9745831
245 0 _aMarketing digest
_cThomas M J; Waite N E
260 _aLondon
_bLondon, Heinemann
_c1988
300 _a448p
942 _cTB
_hX:51 M8
999 _c1294188
_d1294188